| 000 | 00614nam a2200217 i 4500 | ||
|---|---|---|---|
| 001 | 42818 | ||
| 003 | ES-MaACL | ||
| 005 | 20250712062542.0 | ||
| 007 | t| | ||
| 008 | 030314s1970 sp ||||1| spa d | ||
| 080 | _a821.134.2-82"19" | ||
| 100 | 1 |
_aCela, Camilo José, _d1916-2002 _937336 |
|
| 245 | 1 | 0 |
_aNuevas andanzas y desventuras de Lazarillo de Tormes / _cCamilo José Cela. |
| 250 | _a9ª ed. | ||
| 260 |
_aBarcelona : _bNoguer, _c1970. |
||
| 300 |
_a234 p. ; _c20 cm. |
||
| 490 | 1 | _aGalería literaria | |
| 830 | 1 |
_aGalería literaria _9180522 |
|
| 852 | 4 |
_aES-MaACL _jC-39895 |
|
| 999 |
_c42818 _d42818 |
||